000 00293nam a2200133 i 4500
001 bg
100 1 _aMILIAN, L.
245 0 _aElementy nauki o pracy /
_cL. Milian.
260 _aGdynia,
_c1983.
040 _cBPK
041 _apol
942 _cKS
008 s pl f |000 0 pol
999 _c22128
_d22128
856 _uhttp://koha.tu.koszalin.pl/cgi-bin/koha/opac-detail.pl?biblionumber=22128
_yKatalog online BPK